Serpientes del género Atractus wagler, 1828 (Colubridae, Xenodontinae) en la Amazonia colombiana (Registro nro. 16068)
[ vista simple ]
| 000 -CABECERA | |
|---|---|
| Campo de control | 004070000a22001090004500 |
| 090 ## - CLASIFICACIÓN LOCAL | |
| Colección | AS |
| Consecutivo | Seriadas |
| 041 0# - IDIOMA | |
| Código de idioma para texto/pista de sonido o título separado | |
| 100 1# - ASIENTO PRINCIPAL--NOMBRE PERSONAL | |
| Nombre personal | Silva Haad, Juan J. |
| 245 10 - MENCION DE TITULO | |
| Título | Serpientes del género Atractus wagler, 1828 (Colubridae, Xenodontinae) en la Amazonia colombiana |
| 773 1# - Item fuente: | |
| Título | Revista de la Academia Colombiana de Ciencias Exacta, Físicas y Naturales |
| Descripción física | 108 |
| Paginas del Articulo | 409-446 |
| Lugar, editorial y fecha de publicación | 2004 |
| Información sobre la relación | 28 |
| 942 ## - ELEMENTOS ADICIONALES (KOHA) | |
| Tipo de ítem | Artículo |
No hay ítems disponibles.